Statistics for Rock Albums #17

Click here to take the quiz!

General Stats

  • This quiz has been taken 13 times
  • The average score is 3 of 20

Answer Stats

AlbumYear of releaseArtist% Correct
Automatic For The People1992R.E.M.
85%
Boy1980U2
54%
Hotter Than Hell1974Kiss
38%
So far, So good... So What!1988Megadeth
23%
City of Evil2005Avenged Sevenfold
15%
131999Blur
15%
Hurley2010Weezer
15%
Lovehunter1979Whitesnake
15%
But Here We Are2023Foo Fighters
8%
Automatic Thrill2004Gluecifer
8%
Tribute To the Gods2001Iced Earth
8%
Nattesferd2016Kvelertak
8%
Call to Arms2011Saxon
8%
Scandinavian Leather2003Turbonegro
8%
Crush2000Bon Jovi
0%
Out for Blood1983Lita Ford
0%
Time1994Mercyful Fate
0%
Game Over2021U.D.O.
0%
Kissing The Beast2002Venom
0%
Rare Diamonds1991Warlock
0%

Score Distribution

Percentile by Number Answered

Percent of People with Each Score

Your Score History

You have not taken this quiz